Miasta z najstarszymi mieszkańcami w Polsce. - Statystyki

Ogólne statystyki
  • Ten quiz został rozwiązany 32 razy
  • Średni wynik to 2 z 10
Statystyki odpowiedzi
# Średni wiek Województwo Miasto % Poprawnych
1. 47,9 lata Pomorskie Sopot
81%
8. 45,8 lata Dolnośląskie Jelenia Góra
42%
9. 45,7 lata Świętokrzyskie Skarżysko-Kamienna
23%
3. 46,6 lata Kujawsko-Pomorskie Ciechocinek
16%
5. 46,0 lata Podlaskie Kleszczele
16%
7. 45,8 lata Podlaskie Drohiczyn
13%
10. 45,7 lata Świętokrzyskie Opatowiec
13%
2. 47,2 lata Dolnośląskie Polanica-Zdrój
13%
6. 45,9 lata Dolnośląskie Lądek-Zdrój
10%
4. 46,1 lata Dolnośląskie Szczawno-Zdrój
6%
Nie znaleziono quizów pasujących do podanych kryteriów
Rozkład punktacji
Procent ludzi z każdym wynikiem
Percentyl według liczby udzielonych odpowiedzi
Twoja historia wyników
Nie rozwiązałeś tego quizu